000 02572cam a22005054i 4500
003 PE-LiUPU
005 20250731165514.0
008 150623s r 000 0 d
020 _a1841272817
035 _a(Sirsi) i9781841272818
040 _aPE-LiUPU
_bspa
_cPE-LiUPU
_erda
049 _aPRUA
082 0 4 _a225.077
_bJ
_221
100 1 _aSanday, William,
_d1843-1920,
_eautor.
245 1 0 _aEssays in biblical criticism and exegesis.
_n275 /
_cWilliam Sanday.
264 1 _aSheffield, England :
_bSheffield Academic Press,
_c2001.
300 _a248 páginas ;
_c24 centímetros
336 _atext
_2rdacontent
337 _aunmediated
_2rdamedia
338 _avolume
_2rdacarrier
490 0 _aJournal for the study of the New Testament. Supplement series; 225. Classics in biblical and theological studies. Supplement series ;
_v2
504 _aIncluye bibliografía.
505 0 _aBiblical criticism: the fulness of revelation in the New Testament. -Methods of theology: the historical method. -The interpretation of the gospels as affected by the newer historical methods. -The conditions under which the gospels were written, in their bearing upon some difficulties of the synoptic problem. -The New Testament background. -The language spoken in palestine at the time of our Lord. -Did Christ speak greek?-a rejoinder. -Greek influence on christianity. -The parable of the labourers in the vineyard. -A new work on the parables. -On the title, ´Son of Man´. -The injunctions of silence in the gospels. -Some leading ideas in the theology of St. Paul. -St Paul´s equivalent for the ´kingdom of heaven´.-St Paul the travelier. -The early visits of..
526 _aSEG44
526 _aSEG26
526 _aP151
526 _aP150
526 _aP149
526 _aP146
526 _aP145
526 _aP126
526 _aP125
526 _aP92
526 _aP75
526 _aP74
526 _aP27
526 _aP15
630 _aBiblia
_xCrítica, interpretación, etc.
942 _2ddc
_cBOOK
949 _aRC 225.077 J 275
_wDEWEY
_c1
_i49138
_lCCODEBUL1
_mBUL
_r0
_sY
_tBOOK
_u2015-6-24
_xTEOLOGIA
_PP35
_0COMPRA
_o.CIRCNOTE. No olvidar cambiar la fecha de devolución!!!!!!!
_o.STAFF. Colección General
994 _aC0
_bPEPRU
596 _a1
999 _aRC 225.077 J 275
_wDEWEY
_c28285
_i49138
_f2021-11-8
_g6
_lCCODEBUL1
_mBUL
_r1
_sY
_tBOOK
_u2015-6-24
_xTEOLOGIA
_PP35
_0COMPRA
_o.CIRCNOTE. No olvidar cambiar la fecha de devolución!!!!!!!
_o.STAFF. Colección General
_d28285
980 _81
_gALBERTO SANCHEZ Responsable de Automatización